000 00423 a2200133 4500
003 Nust
005 20170207170029.0
040 _cNust
082 _a799
245 _aLec By Dr. Muddassar Farooq on Emerging Trends in Cptr Security,Photographs-2014
_cMCS
260 _aRawalpindi
_bMCS
_c22-10-2014
650 _aPictures of Lec By Dr. Muddassar Farooq on Emerging Trends in Cptr Security,Photographs-2014
651 _aSweet Memories-MCS
942 _cBK
999 _c213702
_d213702